000 00518nam a2200193 4500
001 24805
005 20230410142423.0
008 060907n1998 dr spa
020 _a0824209346
035 _9funglode24991
041 _aEN
050 1 4 _aO16w 1998
100 _aOchoa, George
245 1 4 _aThe Wilson chronology of the arts /
_cGeorge Ochoa and Melinda Corey
260 _aNew York :
_bThe H.W. Wilson Company,
_c1998
300 _axi, 476 p.
700 _aCorey, Melinda
942 _2lcc
_cbk
999 _c95316
_d95316